[Event "Warsaw-ch opB 65th"]
[Site "Warsaw"]
[Date "2012.06.03"]
[Round "9"]
[White "Sawicki, Wojciech"]
[Black "Skladzien, Romuald"]
[Result "0-1"]
[WhiteElo "1762"]
[BlackElo "1895"]
[PlyCount "62"]
[EventDate "2012.05.26"]
[EventType "swiss"]
[EventRounds "9"]
[EventCountry "POL"]
[SourceTitle "EXT 2014"]
[Source "ChessBase"]
[SourceDate "2013.11.20"]
[SourceVersion "1"]
[SourceVersionDate "2013.11.20"]
[SourceQuality "1"]

1. e4 e5 2. Nf3 Nc6 3. Bb5 a6 4. Ba4 Nf6 5. 0-0 Be7 6. Re1 b5 7. Bb3 d6 8. c3 0-0 9. d4 Bg4 10. d5 Na5 11. Bc2 Nc4 12. b3 Nb6 13. h3 Bh5 14. g4 Bg6 15. Nh4 Bxe4 16. Bxe4 Nxe4 17. Nf5 Nf6 18. f4 Nfd7 19. fxe5 Nxe5 20. Be3 Nbd7 21. Nd2 Bf6 22. Ne4 Ng6 23. Nxf6+ Qxf6 24. Bd4 Nge5 25. Rf1 Qd8 26. Qc2 g6 27. Ng3 f6 28. Rf4 Qe7 29. Raf1 Rf7 30. Qf2 Nd3 31. Bxf6 Nxf6 0-1

[Event "Warsaw-ch opB 65th"]
[Site "Warsaw"]
[Date "2012.05.31"]
[Round "6"]
[White "Kaminski, Jan"]
[Black "Skladzien, Romuald"]
[Result "0-1"]
[WhiteElo "1675"]
[BlackElo "1895"]
[PlyCount "64"]
[EventDate "2012.05.26"]
[EventType "swiss"]
[EventRounds "9"]
[EventCountry "POL"]
[SourceTitle "EXT 2014"]
[Source "ChessBase"]
[SourceDate "2013.11.20"]
[SourceVersion "1"]
[SourceVersionDate "2013.11.20"]
[SourceQuality "1"]

1. e4 c5 2. Nf3 d6 3. d4 cxd4 4. Nxd4 Nf6 5. Nc3 a6 6. Be3 b5 7. f3 e6 8. Qd2 Nbd7 9. Bd3 Ne5 10. 0-0 Nxd3 11. Qxd3 Bd7 12. a3 Be7 13. f4 Qc7 14. f5 0-0 15. fxe6 fxe6 16. Bg5 Rae8 17. Rad1 Qc5 18. Be3 Ng4 19. Nf5 Nxe3 20. Nxe3 Bg5 21. Rfe1 Rf7 22. Qd4 Ref8 23. Qxc5 dxc5 24. Ng4 Bf4 25. g3 Bc7 26. Rd2 b4 27. axb4 cxb4 28. Ne2 e5 29. Ne3 Bb6 30. Nc1 Bh3 31. Rg2 Rf3 32. Nd3 Bxe3+ 0-1

[Event "Warsaw-ch opB 65th"]
[Site "Warsaw"]
[Date "2012.05.29"]
[Round "4"]
[White "Koziol, Pawel"]
[Black "Skladzien, Romuald"]
[Result "1/2-1/2"]
[WhiteElo "1827"]
[BlackElo "1895"]
[PlyCount "35"]
[EventDate "2012.05.26"]
[EventType "swiss"]
[EventRounds "9"]
[EventCountry "POL"]
[SourceTitle "EXT 2014"]
[Source "ChessBase"]
[SourceDate "2013.11.20"]
[SourceVersion "1"]
[SourceVersionDate "2013.11.20"]
[SourceQuality "1"]

1. b3 e5 2. Bb2 d6 3. g3 c5 4. Bg2 Nc6 5. e3 Be7 6. Ne2 f5 7. d4 Bf6 8. dxc5 dxc5 9. Qxd8+ Nxd8 10. Nbc3 e4 11. 0-0-0 Bd7 12. g4 g6 13. h4 Ne7 14. Nf4 Bc6 15. Ncd5 Bxb2+ 16. Kxb2 Nxd5 17. Nxd5 Ne6 18. gxf5 1/2-1/2

[Event "Warsaw-ch opB 65th"]
[Site "Warsaw"]
[Date "2012.05.27"]
[Round "2"]
[White "Budrewicz, Henryk"]
[Black "Skladzien, Romuald"]
[Result "0-1"]
[WhiteElo "1641"]
[BlackElo "1895"]
[PlyCount "74"]
[EventDate "2012.05.26"]
[EventType "swiss"]
[EventRounds "9"]
[EventCountry "POL"]
[SourceTitle "EXT 2014"]
[Source "ChessBase"]
[SourceDate "2013.11.20"]
[SourceVersion "1"]
[SourceVersionDate "2013.11.20"]
[SourceQuality "1"]

1. Nf3 Nf6 2. d4 e6 3. e3 c5 4. c3 b6 5. Bd3 Bb7 6. Nbd2 d5 7. Ne5 Bd6 8. f4 0-0 9. Qe2 Ne4 10. 0-0 f6 11. Nef3 Nd7 12. g4 Qc7 13. Qg2 e5 14. f5 Rfe8 15. Nxe4 dxe4 16. Bc4+ Kh8 17. Nd2 exd4 18. cxd4 cxd4 19. Bf7 Re7 20. Bg6 hxg6 21. Qh3+ Kg8 22. fxg6 Nf8 23. Qh5 Re5 24. Rf5 Bc5 25. Nf1 Bc8 26. Rxe5 Qxe5 27. exd4 Bxd4+ 28. Ne3 Qxh5 29. gxh5 Bg4 30. Kg2 Bxh5 31. Nf5 Bc5 32. Bd2 Bxg6 33. Rf1 Bxf5 34. Rxf5 Rd8 35. Bc3 Ne6 36. b4 Bd4 37. Be1 Be5 0-1

[Event "Polanica Zdroj op-B 47th"]
[Site "Polanica Zdroj"]
[Date "2011.??.??"]
[Round "2"]
[White "Skladzien, Romuald"]
[Black "Drazek, Wladyslaw"]
[Result "1/2-1/2"]
[WhiteElo "1865"]
[BlackElo "2063"]
[PlyCount "95"]
[EventDate "2011.08.18"]
[EventType "swiss"]
[EventRounds "9"]
[EventCountry "POL"]
[SourceTitle "CBM 144 Extra"]
[Source "ChessBase"]
[SourceDate "2011.10.28"]
[SourceVersion "1"]
[SourceVersionDate "2011.10.28"]
[SourceQuality "1"]

1. c4 e5 2. Nc3 Nf6 3. g3 d5 4. Bg2 d4 5. Ne4 Be7 6. d3 0-0 7. Nxf6+ Bxf6 8. Nf3 Nc6 9. 0-0 Bf5 10. Nd2 Qd7 11. b4 Nxb4 12. Qb3 c5 13. Ne4 Be7 14. Bg5 Bxe4 15. Bxe7 Bxg2 16. Bxf8 Bxf1 17. Bxc5 Bxe2 18. Bxb4 Qh3 19. Qb1 Qf5 20. Qb3 Bxd3 21. Re1 e4 22. Bd2 b6 23. Qb5 Qxb5 24. cxb5 f5 25. a4 Rc8 26. Bf4 Bc2 27. Ra1 Rc4 28. a5 bxa5 29. Rxa5 Ra4 30. Bd2 g6 31. Kf1 Rxa5 32. Bxa5 Bd3+ 33. Ke1 Bxb5 34. Bc7 Kf7 35. Be5 d3 36. Kd2 Ke6 37. Bd4 a5 38. Kc3 Kd5 39. Be3 Kc6 40. Kb3 Kd5 41. Kc3 Bd7 42. Bb6 g5 43. Bxa5 f4 44. Kd2 Ke5 45. Bd8 h6 46. h4 fxg3 47. fxg3 gxh4 48. gxh4 1/2-1/2

[Event "Warsaw YMCA Autumn-B 83rd"]
[Site "Warsaw"]
[Date "2010.11.04"]
[Round "6"]
[White "Kadzinski, Wieslaw"]
[Black "Skladzien, Romuald"]
[Result "1/2-1/2"]
[WhiteElo "1996"]
[BlackElo "1937"]
[PlyCount "92"]
[EventDate "2010.09.23"]
[EventType "tourn"]
[EventRounds "13"]
[EventCountry "POL"]
[SourceTitle "EXT 2019"]
[Source "ChessBase"]
[SourceDate "2018.10.10"]
[SourceVersion "1"]
[SourceVersionDate "2018.10.10"]
[SourceQuality "1"]

1. e4 c6 2. d4 d5 3. Nc3 dxe4 4. Nxe4 Bf5 5. Ng3 Bg6 6. Nf3 Nd7 7. h4 h6 8. h5 Bh7 9. Bd3 Bxd3 10. Qxd3 Ngf6 11. Bf4 Qa5+ 12. Bd2 Qc7 13. 0-0-0 0-0-0 14. Qe2 e6 15. Ne5 Nxe5 16. dxe5 Nd7 17. f4 Be7 18. Kb1 Rhe8 19. Be3 Kb8 20. Ne4 Nb6 21. c4 f5 22. Nd6 Rf8 23. Rd2 c5 24. Rhd1 Nc8 25. Nb5 Qc6 26. Nc3 a6 27. g4 b6 28. Rxd8 Rxd8 29. Rxd8 Bxd8 30. gxf5 exf5 31. Qd1 Bc7 32. Qd5 Qe8 33. Qf3 g6 34. hxg6 Qxg6 35. Nd5 Bxe5 36. a4 Bd6 37. a5 bxa5 38. Bd2 Qg1+ 39. Kc2 Qd4 40. Qb3+ Ka7 41. Qa4 Nb6 42. Nxb6 Kxb6 43. Bxa5+ Kb7 44. Qd7+ Kb8 45. Qd8+ Kb7 46. Qd7+ Kb8 1/2-1/2

[Event "Warsaw YMCA Autumn 53rd"]
[Site "Warsaw"]
[Date "2008.11.25"]
[Round "8"]
[White "Skladzien, Romuald"]
[Black "Bielecki, Pawel"]
[Result "0-1"]
[WhiteElo "1989"]
[BlackElo "2024"]
[PlyCount "38"]
[EventDate "2008.10.09"]
[EventType "tourn"]
[EventRounds "13"]
[EventCountry "POL"]
[SourceTitle "EXT 2019"]
[Source "ChessBase"]
[SourceDate "2018.10.10"]
[SourceVersion "1"]
[SourceVersionDate "2018.10.10"]
[SourceQuality "1"]

1. d4 Nf6 2. c4 g6 3. Nc3 Bg7 4. e4 d6 5. f4 0-0 6. Nf3 c5 7. d5 b5 8. e5 Ng4 9. h3 Nh6 10. Bd3 bxc4 11. Bxc4 Nd7 12. exd6 exd6 13. 0-0 Nb6 14. Bb3 Bb7 15. Qd3 Rc8 16. Bc4 Nxc4 17. Qxc4 Re8 18. Bd2 Qb6 19. Rae1 Ba6 0-1

[Event "Warsaw YMCA Autumn 53rd"]
[Site "Warsaw"]
[Date "2008.11.06"]
[Round "5"]
[White "Moskwinski, Marek"]
[Black "Skladzien, Romuald"]
[Result "1-0"]
[WhiteElo "1866"]
[BlackElo "1989"]
[PlyCount "49"]
[EventDate "2008.10.09"]
[EventType "tourn"]
[EventRounds "13"]
[EventCountry "POL"]
[SourceTitle "EXT 2019"]
[Source "ChessBase"]
[SourceDate "2018.10.10"]
[SourceVersion "1"]
[SourceVersionDate "2018.10.10"]
[SourceQuality "1"]

1. e4 e5 2. Nc3 Nf6 3. f4 d5 4. fxe5 Nxe4 5. Nf3 Be7 6. Qe2 Nxc3 7. dxc3 0-0 8. Bf4 Be6 9. Nd4 Qc8 10. Qe3 c5 11. Nxe6 Qxe6 12. Be2 Nc6 13. 0-0 Rad8 14. b3 b6 15. Qg3 f5 16. exf6 Bxf6 17. Rae1 Qd7 18. Bg4 Qb7 19. Bc7 Ra8 20. Be6+ Kh8 21. Bxd5 Bxc3 22. Qd6 Bf6 23. Bxc6 Qa6 24. Rxf6 Rxf6 25. Bxa8 1-0

[Event "POL-chT Mazovia 06/07 op"]
[Site "Poland"]
[Date "2006.10.22"]
[Round "1.21"]
[White "Borowicz, Przemyslaw"]
[Black "Skladzien, Romuald"]
[Result "1-0"]
[WhiteElo "1822"]
[BlackElo "2000"]
[PlyCount "61"]
[EventDate "2006.10.22"]
[EventType "team-swiss"]
[EventRounds "10"]
[EventCountry "POL"]
[SourceTitle "EXT 2019"]
[Source "ChessBase"]
[SourceDate "2018.10.10"]
[SourceVersion "1"]
[SourceVersionDate "2018.10.10"]
[SourceQuality "1"]
[WhiteTeam "Grodzisk Polfa Mazowiecki III"]
[BlackTeam "Zielonka Zieloni Juniorzy II"]
[WhiteTeamCountry "POL"]
[BlackTeamCountry "POL"]

1. d4 d5 2. c4 e6 3. Nc3 Nf6 4. Nf3 Be7 5. Bf4 0-0 6. e3 b6 7. cxd5 Nxd5 8. Nxd5 Qxd5 9. Bxc7 Bb4+ 10. Nd2 Ba6 11. Bf4 Bxf1 12. Kxf1 Nd7 13. a3 Be7 14. Rc1 e5 15. dxe5 Nxe5 16. Bxe5 Qxe5 17. Qc2 Rfd8 18. Ke2 Qb5+ 19. Nc4 Rac8 20. a4 Qd5 21. f3 Qg5 22. g3 Bc5 23. Qb3 Re8 24. e4 Rc6 25. Ne3 Rce6 26. Rcd1 h6 27. Rd5 Qf6 28. Rf5 Qg6 29. g4 R8e7 30. Rd1 Rd6 31. Rxc5 1-0

[Event "Mazowieckie-chT 0506"]
[Site "Poland"]
[Date "2006.01.22"]
[Round "9"]
[White "Sokolowski, Krzysztof"]
[Black "Skladzien, Romuald"]
[Result "0-1"]
[WhiteElo "2062"]
[BlackElo "2081"]
[PlyCount "96"]
[EventDate "2005.10.09"]
[EventType "team-tourn"]
[EventRounds "9"]
[EventCountry "POL"]
[SourceTitle "EXT 2019"]
[Source "ChessBase"]
[SourceDate "2018.10.10"]
[SourceVersion "1"]
[SourceVersionDate "2018.10.10"]
[SourceQuality "1"]

1. d4 d5 2. Nf3 Nf6 3. c4 e6 4. Nc3 Be7 5. Bg5 0-0 6. e3 h6 7. Bxf6 Bxf6 8. cxd5 exd5 9. Bd3 c6 10. h3 Re8 11. 0-0 Nd7 12. Rc1 Nf8 13. b4 Be6 14. b5 cxb5 15. Bxb5 Re7 16. Ne1 a6 17. Be2 Rc8 18. Nd3 Rec7 19. Qd2 Be7 20. Na4 Nd7 21. Nf4 b5 22. Nxe6 fxe6 23. Nb2 Bb4 24. Qxb4 Rxc1 25. Nd3 Rxf1+ 26. Bxf1 Qf8 27. Qa5 Qd6 28. g3 Qb6 29. Qa3 Kf7 30. h4 a5 31. Nf4 b4 32. Qd3 Nf8 33. Nxd5 Qb7 34. Nf4 Rc3 35. Qd2 Qc7 36. d5 Rc1 37. Kg2 e5 38. d6 Qc6+ 39. Nd5 Rc5 40. e4 Qxd6 41. Be2 Ne6 42. Qe3 Nd4 43. Bh5+ Kg8 44. Kh3 Kh7 45. g4 g6 46. g5 gxh5 47. Nf6+ Qxf6 48. gxf6 Rc3 0-1

[Event "Mazowieckie-chT 0506"]
[Site "Poland"]
[Date "2006.01.08"]
[Round "7"]
[White "Skladzien, Romuald"]
[Black "Szymczuk, Andrzej"]
[Result "0-1"]
[WhiteElo "2081"]
[BlackElo "2122"]
[PlyCount "118"]
[EventDate "2005.10.09"]
[EventType "team-tourn"]
[EventRounds "9"]
[EventCountry "POL"]
[SourceTitle "EXT 2019"]
[Source "ChessBase"]
[SourceDate "2018.10.10"]
[SourceVersion "1"]
[SourceVersionDate "2018.10.10"]
[SourceQuality "1"]

1. d4 Nf6 2. Bg5 Ne4 3. Bf4 c5 4. f3 Qa5+ 5. c3 Nf6 6. Bd2 Qb6 7. Qc1 cxd4 8. cxd4 Nc6 9. e3 d5 10. Nc3 e6 11. Bd3 Nb4 12. Be2 Bd7 13. Nh3 Rc8 14. a3 Nc6 15. Nf4 Na5 16. Qc2 Nb3 17. Rd1 Bd6 18. Nd3 0-0 19. 0-0 Nxd2 20. Qxd2 Rfd8 21. f4 Ne4 22. Nxe4 dxe4 23. Ne5 Bb5 24. Rc1 Bxe2 25. Qxe2 Rc7 26. Rc2 Rdc8 27. Rfc1 f6 28. Ng4 Qb3 29. Rxc7 Rxc7 30. Rxc7 Bxc7 31. Qd2 a5 32. Qc1 Qb6 33. Qc5 Qxc5 34. dxc5 a4 35. Nf2 f5 36. Nd1 Ba5 37. Kf1 Kf8 38. Ke2 Ke8 39. Nf2 Kd7 40. Kd1 Kc6 41. Nh3 h6 42. Ng1 Kxc5 43. Ne2 Kc4 44. Kc2 Bb6 45. Nc3 Bxe3 46. Nxa4 Bxf4 47. b3+ Kd4 48. g3 Bd6 49. Nc3 Ke3 50. b4 g5 51. Nb1 Kf2 52. Nc3 e3 53. Kd3 f4 54. gxf4 gxf4 55. Ne4+ Kf1 56. h3 Be7 57. Nc3 Kg2 58. Ke4 f3 59. Nd1 Bg5 0-1

[Event "Mazowieckie-chT 0506"]
[Site "Poland"]
[Date "2005.11.20"]
[Round "4"]
[White "Skladzien, Romuald"]
[Black "Skwarczylo, Marek"]
[Result "1-0"]
[WhiteElo "2081"]
[BlackElo "1800"]
[PlyCount "59"]
[EventDate "2005.10.09"]
[EventType "team-tourn"]
[EventRounds "9"]
[EventCountry "POL"]
[SourceTitle "EXT 2019"]
[Source "ChessBase"]
[SourceDate "2018.10.10"]
[SourceVersion "1"]
[SourceVersionDate "2018.10.10"]
[SourceQuality "1"]

1. d4 Nf6 2. Bg5 Ne4 3. Bf4 d5 4. Nf3 e6 5. Nbd2 Be7 6. e3 Nd7 7. Bd3 Nxd2 8. Qxd2 Nf6 9. 0-0 0-0 10. Rad1 b6 11. Ne5 Qe8 12. Qe2 Bb7 13. c3 a6 14. h3 c5 15. Bh2 Nd7 16. dxc5 bxc5 17. Rd2 Nxe5 18. Bxe5 f6 19. Bg3 e5 20. Bf5 Bd6 21. Rfd1 g6 22. Be4 dxe4 23. Rxd6 Rf7 24. Qc4 Qb5 25. Qe6 Re8 26. Rd8 Rxd8 27. Rxd8+ Kg7 28. Bh4 Bc6 29. Bxf6+ Rxf6 30. Rg8+ 1-0

[Event "Mazowieckie-chT 0506"]
[Site "Poland"]
[Date "2005.10.09"]
[Round "1"]
[White "Pazderski, Ziemowit"]
[Black "Skladzien, Romuald"]
[Result "1-0"]
[WhiteElo "2176"]
[BlackElo "2081"]
[PlyCount "77"]
[EventDate "2005.10.09"]
[EventType "team-tourn"]
[EventRounds "9"]
[EventCountry "POL"]
[SourceTitle "EXT 2019"]
[Source "ChessBase"]
[SourceDate "2018.10.10"]
[SourceVersion "1"]
[SourceVersionDate "2018.10.10"]
[SourceQuality "1"]

1. c4 Nf6 2. Nc3 c6 3. Nf3 d5 4. d4 e6 5. g3 Bd6 6. Bg2 Nbd7 7. 0-0 0-0 8. e4 Nxe4 9. Nxe4 dxe4 10. Ng5 Nf6 11. Nxe4 Nxe4 12. Bxe4 Bd7 13. Bd2 Qe7 14. c5 Bc7 15. Re1 Rad8 16. Bc3 Bc8 17. Qc2 h6 18. b4 Qg5 19. Qe2 Kh8 20. h4 Qe7 21. Qh5 f5 22. Bc2 Qf6 23. f4 Kh7 24. Re3 Qg6 25. Qf3 Qf7 26. Kf2 g6 27. Bb3 Rfe8 28. Rae1 Re7 29. Qd1 Rde8 30. a4 Rd8 31. Qf3 Rde8 32. b5 Bd7 33. Bc4 Bb8 34. Qe2 Qg8 35. d5 cxd5 36. Bxd5 Bc8 37. Bf6 Rc7 38. c6 bxc6 39. bxc6 1-0

[Event "Mazowieckie-chT 0405"]
[Site "Poland"]
[Date "2005.02.06"]
[Round "9"]
[White "Skladzien, Romuald"]
[Black "Ruta, Piotr"]
[Result "0-1"]
[WhiteElo "2009"]
[BlackElo "1800"]
[PlyCount "70"]
[EventDate "2004.10.03"]
[EventType "team-tourn"]
[EventRounds "10"]
[EventCountry "POL"]
[SourceTitle "EXT 2019"]
[Source "ChessBase"]
[SourceDate "2018.10.10"]
[SourceVersion "1"]
[SourceVersionDate "2018.10.10"]
[SourceQuality "1"]

1. Nf3 d5 2. c4 c6 3. g3 Nf6 4. Bg2 Bf5 5. b3 e6 6. 0-0 Nbd7 7. Bb2 Bd6 8. d3 Qc7 9. Nbd2 h5 10. cxd5 exd5 11. Nd4 Bg6 12. Rc1 a6 13. e4 dxe4 14. Nxe4 Nxe4 15. Bxe4 Ne5 16. f4 Ng4 17. Nf5 Bxf5 18. Bxf5 Qb6+ 19. d4 Nf6 20. Re1+ Kf8 21. h4 g6 22. Bh3 Kg7 23. Bg2 Rhe8 24. Bf3 Rxe1+ 25. Qxe1 Re8 26. Qf2 Kh7 27. Kg2 Bb4 28. Rf1 Qb5 29. Bc1 Nd5 30. Qc2 Ne3+ 31. Bxe3 Rxe3 32. Rd1 Be1 33. Qc4 Qf5 34. d5 Rxf3 35. Rxe1 Qg4 0-1